000 00309nam a2200121Ia 4500
008 150201s2008 xx 000 0 und d
082 _a614.44
_bP08S
100 _aSINGH,GPI
245 _aMCQ'S PREVENTIVE AND SOCIAL MEDICINE
260 _bELSEVIER
_aDELHI
_c2008
650 _aCOMMUNITY MEDICINE
942 _2ddc
_cBK
999 _c824
_d824